Wards of Derby - Statistics

General Stats
  • This quiz has been taken 12 times
    9 since last reset
  • The average score is 12 of 18
Answers on the Map
Answers color-coded by a green-red scale on the quiz's map according to % correct below.
 
Answer Stats
Ward % Correct
Spondon
100%
Allestree
75%
{Chaddesden} East
75%
{Chaddesden} North
75%
{Chaddesden} West
75%
Littleover
75%
{Mackworth} & {New} {Zealand}
75%
Mickleover
75%
Normanton
75%
Oakwood
75%
{Sinfin} & {Osmaston}
75%
Abbey
50%
{Alvaston} North
50%
{Alvaston} South
50%
Arboretum
50%
Blagreaves
50%
{Chellaston} & {Shelton} {Lock}
50%
Darley
50%
No matching quizzes found
Score Distribution
Percent of People with Each Score
Percentile by Number Answered
Your Score History
You have not taken this quiz since the last reset